| 000 | 00627nam a22001817a 4500 | ||
|---|---|---|---|
| 005 | 20241122124517.0 | ||
| 008 | 241122b |||||||| |||| 00| 0 eng d | ||
| 020 | _a9780132018135 | ||
| 050 |
_aQA276 _b.L314 |
||
| 100 | _aLarsen, Richard J. | ||
| 245 |
_aAn Introduction to Mathematical Statistics and its Applications/ _cRichard J. Larsen & Morris L. Marx |
||
| 250 |
_a4th Ed. _bPearson International Edition |
||
| 260 |
_aUpper Saddle River, New Jersey _bPearson Prentice Hall _c2006 |
||
| 300 |
_aviii.920p. _bill. _c23.5cm |
||
| 650 | _2Mathematical statistics | ||
| 700 | _aMarx, Morris L. | ||
| 942 |
_2lcc _cBK _e4th Ed. _n0 |
||
| 999 |
_c1428 _d1428 |
||